Средства и системы автоматизации: проблемы и решения: материалы десятой научно-практической конференции, Томск, 19-20 ноября 2009 г.

Dades bibliogràfiques
Autor corporatiu: ЭлеСи, Средства и системы автоматизации: проблемы и решения конференция
Sumari:В сборнике представлены материалы десятой научно-практической конференции "Средства и системы автоматизации: проблемы и решения", проходившей в г. Томске 19-20 ноября 2009 г. Отражены результаты практических разработок и научных исследований в сфере автоматизации технологических процессов, энергетики, информационных систем в науке и образовании, нефтегазовой отрасли.
Idioma:rus
Publicat: Томск, ЭлеСи, 2010
Matèries:
Format: Llibre
KOHA link:https://koha.lib.tpu.ru/cgi-bin/koha/opac-detail.pl?biblionumber=210108

MARC

LEADER 00000nam0a2200000 4500
001 210108
005 20231101225606.0
010 |a 9785982986009 
035 |a (RuTPU)RU\TPU\book\229476 
090 |a 210108 
100 |a 20120220d2010 k y0rusy50 ca 
101 0 |a rus 
102 |a RU 
105 |a a z 101zy 
200 1 |a Средства и системы автоматизации: проблемы и решения  |e материалы десятой научно-практической конференции, Томск, 19-20 ноября 2009 г.  |f ЭлеСи 
210 |a Томск  |c ЭлеСи  |d 2010 
215 |a 174 с.  |c ил. 
320 |a Библиография в конце статей 
330 |a В сборнике представлены материалы десятой научно-практической конференции "Средства и системы автоматизации: проблемы и решения", проходившей в г. Томске 19-20 ноября 2009 г. Отражены результаты практических разработок и научных исследований в сфере автоматизации технологических процессов, энергетики, информационных систем в науке и образовании, нефтегазовой отрасли. 
606 1 |a Системы автоматического управления  |x Теория  |2 stltpush  |3 (RuTPU)RU\TPU\subj\68253  |9 83687 
610 1 |a автоматизация 
610 1 |a средства 
610 1 |a энергетика 
610 1 |a информационные системы 
610 1 |a наука 
610 1 |a образование 
610 1 |a нефтегазовая отрасль 
610 1 |a технологические процессы 
610 1 |a конференции 
610 1 |a труды учёных ТПУ 
675 |a 681.51.01(063)  |v 3 
712 0 2 |a ЭлеСи  |c IT-компания  |c (Томск)  |2 stltpush  |3 (RuTPU)RU\TPU\col\17173  |9 26551 
712 1 2 |a Средства и системы автоматизации: проблемы и решения  |b конференция  |d 10  |e Томск  |f 2010 
801 1 |a RU  |b 63413507  |c 20120220 
801 2 |a RU  |b 63413507  |c 20210623  |g RCR 
942 |c BK